<?xml version="1.0" encoding="UTF-8"?>
<collection xmlns="http://www.loc.gov/MARC21/slim">
  <record>
    <leader>00000nam  2200000   4500</leader>
    <controlfield tag="001">INLIS000000000018641</controlfield>
    <controlfield tag="005">20241202025917</controlfield>
    <datafield tag="035" ind1="#" ind2="#">
      <subfield code="a">0010-1224000012</subfield>
    </datafield>
    <controlfield tag="007">ta</controlfield>
    <controlfield tag="008">241202###########################0######</controlfield>
    <datafield tag="245" ind1="#" ind2="#">
      <subfield code="a">PEJAPI :</subfield>
      <subfield code="b">Pengelolaan E-Journal Sebagai Wadah Publikasi Ilmiah /</subfield>
      <subfield code="c">Ayu Annisa Akbar, S.Kom., M.Pd</subfield>
    </datafield>
    <datafield tag="260" ind1="#" ind2="#">
      <subfield code="a">Makassar :</subfield>
      <subfield code="b">Puslatbang KMP RI LAN Makassar,</subfield>
      <subfield code="c">2024</subfield>
    </datafield>
    <datafield tag="300" ind1="#" ind2="#">
      <subfield code="a">48 ;</subfield>
      <subfield code="c">30</subfield>
    </datafield>
    <datafield tag="650" ind1="#" ind2="4">
      <subfield code="a">Pengelolaan E-Journal Sebagai Wadah Publikasi Ilmiah pada prodi pendidikan fisika FKIP Unkhair</subfield>
    </datafield>
    <datafield tag="700" ind1=" " ind2="#">
      <subfield code="a">Dr. Saprudin, S.Pd., M.Pd (Mentor)</subfield>
    </datafield>
    <datafield tag="700" ind1=" " ind2="#">
      <subfield code="a">Lutfina Thalita E. Zainsa, S.H (Coach)</subfield>
    </datafield>
    <datafield tag="520" ind1="#" ind2="#">
      <subfield code="a">E-journal atau Elektronik Journal adalah Journal ilmiah yang diterbitkan dalam format digital yang dapat diakses melalui perangkat elektronik seperti komputer. Prodi Pendidikan Fisika FKIP Unkhair telah memiliki e-journal dalam bentuk OJS atau Open Journal System, yakni aplikasi perangkat lunak berbasis web yang digunakan untuk mengelola dan menerbitkan jurnal ilmiah secara daring. Namun e-journal tersebut belum dipergunakan karena adanya keterbatasan pengetahuan dalam mengelola e-journal tersebut, sehingga diperlukan pemahaman bagaimana cara mengelola e-journal dengan baik. E- Journal ini nantinya akan difungsikan sebagai sarana publikasi artikel ilmiah dan hasil penelitian. Selain itu, e-journal memiliki peran penting dalam menunjang akreditasi prodi. Sehingga dampak yang terjadi jika isu ini tidak diselesaikan yakni tidak adanya tempat penampungan skripsi mahasiswa serta memiliki dampak yang buruk saat akreditasi prodi. Selain itu pihak-pihakyang terdampak dari isu ini yakni mahasiswa serta para dosen prodi pendidikan fisika unkhair.&#13;
&#13;
Setelah melakukan identifikasi isu, analisis isu dengan metode APKL dan pemecahan isu menggunakan diagramfish bone. Gagasan kreatif yang diangkat adalah "PEJAPI: Pengelolaan E-JournalSebagai Wadah Publikasi Ilmiah pada Prodi Pendidikan Fisika FKIP Unkhair". Kegiatan-kegiatan yang akan dilaksanakan untuk menjalankan gagasankreatif tersebut yaitu sebagai berikut: &#13;
1. Penataan layout halaman e-journal&#13;
2. Sosialisasi e-journal&#13;
3. Penjaringan pengelola e-journal &#13;
4. Pelatihan penggunaan e-journal &#13;
5. Evaluasi e-journal</subfield>
    </datafield>
    <datafield tag="856" ind1="#" ind2="#">
      <subfield code="a">PUSLATBANG KMP LAN RI Makassar</subfield>
    </datafield>
  </record>
</collection>
